Statistiche per Quiz sulla Repubblica del Congo

Clicka qui per fare il quiz!

Statistiche generali

  • Questo quiz è stato fatto 215 volte
  • Il punteggio medio è 11 su 15

Statistiche sulle risposte

HintRisposta% Corretto
Fiume sulla quale sorgeCongo
97%
Lingua ufficialeFrancese
97%
CapitaleBrazzaville
92%
Altra capitale che sorge sulla riva opposta di questo fiumeKinshasa
89%
Ideologia che governò il paese dal 1969 al 1992Comunismo
86%
Linea di latitudine che attraversa la Rep. del CongoEquatore
86%
Golfo che bagna il paeseGolfo di {Guinea}
85%
Risorsa che rappresenta l'87% delle esportazioniPetrolio
78%
Paese natale dell'esploratore che ha fondato la capitale nel 1880Italia
74%
Gruppo indigeno di breve statura che affrontano estremi discriminazione e schiavitùPigmei
67%
Nome ufficiale del paese durante quegli anniRepubblica {Popolare} del Congo
66%
Questo fiume è il maggiore al mondo per ___________Profondità
58%
Seconda città più popolosaPointe-{Noire}
55%
Coltivazione nota anche come manioca o yucaCassava
37%
Gruppo etnico di metà della popolazioneKongo
34%

Distribuzione punteggi

Percentile per numero di risposta

Percentuale di utenti per punteggio

I tuoi punteggi nel tempo

Non hai fatto questo quiz